Normal view
MARC view
Entry Personal Name
001 - CONTROL NUMBER
- control field: 17205
003 - CONTROL NUMBER IDENTIFIER
- control field: dpl
005 - DATE AND TIME OF LATEST TRANSACTION
- control field: 20100826122049.0
008 - FIXED-LENGTH DATA ELEMENTS
- fixed length control field: 100826|||a|||||| | ||| d
040 ## - CATALOGING SOURCE
- Original cataloging agency: dpl
- Transcribing agency: dpl
100 ## - HEADING--PERSONAL NAME
- Personal name: Open source software (NCOSS-09) open source beyond GNU/linux : selected readings :Navi Mumbai (2009)
670 ## - SOURCE DATA FOUND
- Source citation: Work cat.: (dpl)43006: Open source software (NCOSS-09) open source beyond GNU/linux : selected readings :Navi Mumbai (2009), Proceeding of the national conferences on open source software (NCOSS-09) open sorce beyond GNU/Linux :, 2009
670 ## - SOURCE DATA FOUND
- Source citation: Work cat.: (dpl)43006: Open source software (NCOSS-09) open source beyond GNU/linux : selected readings :Navi Mumbai (2009), Proceeding of the national conferences on open source software (NCOSS-09) open sorce beyond GNU/Linux :, 2009
